[Event "6th Vergani Cup January 2022"]
[Site "Cattolica"]
[Date "2022.01.06"]
[Round "6.5"]
[White "Dvirnyy, Danyyil"]
[Black "Sorensen, Hampus"]
[Result "1-0"]
[WhiteElo "2492"]
[BlackElo "2379"]
[Annotator "TA"]
[PlyCount "75"]
[EventDate "2022.01.02"]
[EventType "swiss"]
[EventCountry "ITA"]
[SourceTitle "playchess.com"]
[Source "ChessBase"]
[SourceQuality "1"]

{[%evp 9,75,25,32,25,32,21,8,3,22,15,22,0,0,0,-5,0,-12,-18,-14,0,0,0,0,0,18,0,0,0,35,0,0,0,0,0,0,-15,-27,-18,-10,-14,0,-29,-25,-29,-17,-14,-27,-27,0,0,0,0,0,-12,191,181,192,187,176,173,223,223,529,200,650,95,5357,5257]} 1. d4 d5 2. c4 e6 3. Nc3 a6 4. cxd5 exd5 5. Nf3 Nf6 6. Bg5 {D37: Queen's Gambit Declined: 5 Bf4.} Be6 7. Bxf6 (7. e3 {is interesting.} Bd6 8. Bd3 O-O 9. O-O Nbd7 10. h3) 7... Qxf6 8. Qb3 {[%csl LRb7,LRd5] The position is equal.} Ra7 9. a3 (9. Nxd5 Qd8 10. e4 c6 $11) 9... Qd8 {[#]} 10. g3 $146 ({Predecessor:} 10. h4 c6 11. Ng5 Bg4 12. e4 h6 13. Nf3 b5 14. O-O-O Be7 15. exd5 O-O 16. Be2 cxd5 17. Qxd5 {1-0 (47) Gukesh,D (2621)-Le,Q (2709) Kolkata 2021}) 10... c6 11. h4 Be7 12. Bg2 {[%cal Of3g5]} Nd7 13. Qc2 h6 14. O-O a5 15. e4 dxe4 16. Qxe4 O-O 17. Rfe1 Qb6 18. Qc2 {[%cal Od4d5]} Rd8 19. Rxe6 fxe6 20. Re1 Nf8 21. Bh3 Bf6 22. Na4 {[%cal Bc3a4,Ba4c5,Bc5d3,Bd3f4,Bf4e6][%mdl 32]} Qc7 23. Nc5 Re8 24. Re4 {[%cal Rc5e6]} Qd6 25. Bf1 b6 26. Nd3 c5 27. dxc5 bxc5 28. a4 Nd7 29. Nf4 {[%cal Oe4e6]} Ne5 30. Nxe5 Bxe5 31. Bb5 Rc8 (31... Rd8 $11 32. Qc4 Bxf4 33. Rxe6 Qd5 34. Re8+ Kh7 35. Rxd8 Qxd8 36. Qxf4 Qd1+ 37. Bf1 g6) 32. Bc4 $18 Re8 {[#]} 33. Nxe6 Kh8 34. Qe2 Rxe6 (34... Bxg3 $142 35. Kg2 (35. fxg3 Qxg3+ 36. Qg2 Qd6 $16) 35... Bxf2 36. Qxf2 Qc6) 35. Bxe6 Bd4 (35... Bf6 {is a better chance.} 36. Bb3 Re7) 36. Qf3 $2 (36. Bc4 g6 37. Kh2) 36... Bxb2 $2 {[#]} (36... Bf6 37. Bd5 Qd8) 37. Bf7 $2 (37. Bc4 $18 {and White stays clearly on top. Re8+ would kill now.} Ra8 38. Qe2) 37... Kh7 $2 {[%mdl 8192]} (37... Ra8 $16) 38. Re6 {Weighted Error Value: White=0.42/Black=0.47} 1-0

[Event "6th Vergani Cup January 2022"]
[Site "Cattolica"]
[Date "2022.01.06"]
[Round "6.6"]
[White "Short, Nigel D"]
[Black "Prraneeth Vuppala"]
[Result "1-0"]
[WhiteElo "2633"]
[BlackElo "2377"]
[Annotator "TA"]
[PlyCount "100"]
[EventDate "2022.01.02"]
[EventType "swiss"]
[EventCountry "ITA"]
[SourceTitle "playchess.com"]
[Source "ChessBase"]
[SourceQuality "1"]

{[%evp 9,100,-20,-17,-22,-4,-23,47,44,55,37,32,23,37,36,83,31,31,23,30,12,17,2,15,7,14,16,25,15,8,5,35,8,37,24,15,3,6,6,17,20,22,15,17,13,17,8,28,23,60,67,64,63,63,63,72,64,87,64,88,88,75,82,83,31,81,76,109,97,87,70,121,60,121,120,106,54,72,45,59,9,8,8,8,0,0,0,0,0,364,378,659,659,2129]} 1. d4 Nf6 2. Nf3 d5 {[%cal Bd7d5,Bd5c4][%mdl 32]} 3. c4 e6 4. Bg5 Bb4+ 5. Nbd2 dxc4 6. a3 {D30: Queen's Gambit Declined: Systems without Nc3.} Bxd2+ 7. Qxd2 {[#]} b6 $146 (7... O-O $11) ({Predecessor:} 7... Ne4 8. Bxd8 Nxd2 9. Nxd2 Kxd8 10. Nxc4 b6 11. h4 Nd7 12. Rc1 Bb7 13. h5 Rc8 {½-½ (49) Navara,D (2727)-Harikrishna,P (2732) Prague 2018}) 8. e3 $1 $14 {White is slightly better.} Bb7 9. Qb4 Nbd7 10. Bxc4 Qe7 (10... h6 {looks sharper.} 11. Bh4 Rc8 12. Rd1 a5 13. Qa4 O-O) 11. O-O a6 (11... a5 $14 12. Qxe7+ Kxe7) 12. Qxe7+ ({White should play} 12. Rfc1 $16) 12... Kxe7 13. Rac1 c5 14. Be2 Rac8 15. h3 h6 16. Bf4 b5 17. dxc5 Nxc5 18. Be5 Rhd8 19. Rfd1 Bd5 20. Ne1 Nb3 21. Rxc8 Rxc8 22. f3 Bc4 23. Bxc4 bxc4 24. e4 g6 25. Nc2 Nd7 26. Bd6+ Ke8 27. Bb4 Ndc5 28. Ne3 a5 {[#]} 29. Nxc4 $1 {Black must now prevent Nd6+.} Nb7 30. Nd6+ Nxd6 31. Bxd6 {[%mdl 4096] Endgame KRB-KRN} f6 {Prevents Be5.} 32. Bg3 Rc2 33. Be1 Rxb2 34. Bc3 Ra2 35. Bxf6 Rxa3 {[#]} 36. Rd8+ $1 Kf7 37. Be5 {White is more active.} Nc5 {To avoid Rd7+} 38. Bd6 Ra1+ 39. Kf2 Nb3 (39... Nd3+ $14 40. Ke2 Nb4) 40. Rf8+ $16 Kg7 41. Rb8 Ra2+ {[#]} 42. Ke3 ({White should try} 42. Kg3 $1 $16 Nd2 43. h4) 42... a4 $14 43. Rb7+ Kg8 $1 44. Kf4 (44. Ra7 $14) 44... Rxg2 $11 45. Ke5 Nd2 $1 46. Kxe6 {White threatens Be5 and mate.} Nxf3 47. e5 Ng5+ 48. Ke7 a3 $2 {[%mdl 8192]} (48... Rf2 $11 49. Rb8+ Kg7) 49. Bxa3 $18 {Strongly threatening Bb2.} Re2 (49... Ne4 50. e6 g5) 50. Bb2 {Rb8+ is the strong threat.} h5 {Weighted Error Value: White=0.07 (flawless) /Black=0.33} 1-0

[Event "6th Vergani Cup January 2022"]
[Site "Cattolica"]
[Date "2022.01.06"]
[Round "6.7"]
[White "Iniyan, P."]
[Black "Gilevych, Artem"]
[Result "0-1"]
[WhiteElo "2540"]
[BlackElo "2407"]
[Annotator "TA"]
[PlyCount "142"]
[EventDate "2022.01.02"]
[EventType "swiss"]
[EventCountry "ITA"]
[SourceTitle "playchess.com"]
[Source "ChessBase"]
[SourceQuality "1"]

{[%evp 9,142,25,28,21,18,0,16,0,-4,0,17,25,26,9,20,19,18,0,0,0,0,0,8,-17,14,29,82,73,74,0,0,0,0,0,0,0,0,0,8,6,6,8,7,7,7,4,0,-48,-48,-47,-52,-49,-47,-54,-53,-58,-55,-56,-56,-56,-56,-56,-57,-57,-60,-72,-58,-58,-58,-58,-58,-58,-58,-66,-52,-66,-66,-66,-58,-56,-57,-66,-27,-59,-25,-31,-27,-27,-27,-27,-8,-8,-8,-8,-8,-16,-8,-8,-8,-8,-8,-8,-8,-8,-8,-8,-8,-42,-8,-8,-8,-8,-8,-8,-8,-8,-8,-8,-8,-697,-1170,-898,-901,-836,-141,-141,-141,-141,-141,-12781,-11242,-29980,-29981,-29971,-12808]} 1. d4 d5 2. c4 e6 3. Nf3 dxc4 4. g3 Bb4+ 5. Bd2 {[#]} c5 $146 ({Predecessor:} 5... Bxd2+ 6. Nbxd2 Nc6 7. Nxc4 a6 8. Bg2 Nf6 9. O-O O-O 10. Rc1 a5 11. a3 Ra6 {0-1 (45) Maier,R (1976)-Nackas,H (2051) Remote email 2013}) 6. Bg2 {D21: Queen's Gambit Accepted: 3 Nf3 sidelines.} Nc6 7. dxc5 Bxc5 8. Qa4 {The position is equal.} Nf6 9. O-O {[%cal Bh1f1,Bf1d1,Bd1d4][%mdl 32]} Bd7 10. Qxc4 Be7 11. Nc3 Rc8 12. Rfd1 O-O 13. a3 Na5 14. Qa2 Nc4 {Prevents Ne5.} 15. Be1 Qb6 16. Rd4 Qa6 (16... Nxb2 $2 17. Rb1 $18) 17. b3 Nxa3 (17... Nd6 $11 {remains equal.}) 18. Qb2 $1 $16 Rfd8 19. b4 (19. e4 $16) 19... Nc4 $11 20. Rxa6 Nxb2 21. Rxa7 Nc4 {[%cal Bb2c4,Bc4d6,Bd6f5,Bf5e7,Be7c6,Bc6d8][%mdl 32] To avoid Ne5} ({Resist} 21... Bc6 22. Rxd8+ Bxd8 23. b5 Bxf3 24. Bxf3 $16) 22. Rxb7 Nd6 {Inhibits Ne4.} 23. Ra7 Nf5 24. Rd1 {[%cal Og3g4] Strongly threatening g4!} ({Of course not} 24. Rf4 Bd6 $17) 24... Bxb4 {[#]} 25. e4 $1 Ne7 {[#]} 26. e5 $1 Nc6 27. Rb7 Bxc3 28. exf6 (28. Bxc3 $11 {is more appropriate.} Nd5 29. Bd2) 28... Be8 $15 29. Rxd8 Nxd8 30. Re7 {[%cal Re7e8]} Bb5 31. Bxc3 Rxc3 32. Nd4 Rc1+ 33. Bf1 Rxf1+ 34. Kg2 {[#]} gxf6 $1 35. Nxb5 {[%mdl 4096] Endgame KRN-KRN} Rd1 36. Nc3 Rd3 37. Re8+ Kg7 38. Ne2 Nc6 39. Nf4 Rd8 40. Rxd8 Nxd8 {KN-KN} 41. g4 Nb7 42. Nh5+ Kg6 43. Nf4+ Kh6 44. h4 Nd6 45. f3 Ne8 46. Kg3 Kg7 47. Nh5+ Kf8 48. Kf4 Ke7 49. Ke4 f5+ 50. Kf4 $1 fxg4 51. fxg4 f6 52. g5 $1 e5+ 53. Kg4 $1 Ke6 {Threatens to win with ...f5+.} 54. Ng3 {Prevents f5+.} Nd6 {And now ...f5+ would win.} 55. gxf6 Kxf6 56. Kh5 Nf7 57. Kg4 Kg6 58. Kf3 Nd6 (58... Nh6 $5 {[%cal Rg6g7]}) 59. Kg4 $1 h6 60. Nf1 Nf5 61. h5+ Kf6 62. Kf3 Ng7 (62... Kg5 $5 63. Ke4 Nh4 $11) 63. Ng3 Ne8 64. Ne4+ $2 {[%mdl 8192]} (64. Ke4 $11) 64... Ke6 $1 $19 65. Ng3 Nd6 $1 66. Kg4 Kd5 67. Kf3 {[#]} Kd4 $1 {Hoping for ...Kd3.} 68. Ne2+ Kd3 {( -> ...e4+)} 69. Ng3 $2 {[%mdl 8192]} (69. Nc1+ $17 Kc2 70. Ne2) 69... e4+ {[%cal Be5e4,Be4e3][%mdl 32]} 70. Kf4 e3 71. Ke5 {[#]} Ne4 $1 {[%mdl 512] Weighted Error Value: White=0.06 (flawless) /Black=0.06 (flawless)} 0-1

[Event "6th Vergani Cup January 2022"]
[Site "Cattolica"]
[Date "2022.01.06"]
[Round "6.8"]
[White "Kozul, Zdenko"]
[Black "Piangerelli, Michele"]
[Result "1-0"]
[WhiteElo "2625"]
[BlackElo "2039"]
[Annotator "TA"]
[PlyCount "73"]
[EventDate "2022.01.02"]
[EventType "swiss"]
[EventCountry "ITA"]
[SourceTitle "playchess.com"]
[Source "ChessBase"]
[SourceQuality "1"]

{[%evp 13,73,17,33,33,31,30,50,41,50,54,54,35,49,39,40,37,39,35,54,47,60,-37,-50,-61,-39,-23,0,0,0,-46,-8,-23,73,69,89,99,75,91,258,98,106,17,28,0,166,192,212,183,363,363,358,345,972,900,1427,1313,2622,2489,1894,2031,29996,29997]} 1. d4 Nf6 2. Nf3 e6 3. g3 b6 4. Bg2 Bb7 5. O-O Be7 6. c4 O-O 7. Re1 c5 {7...Na6 is setting a new trend.} 8. d5 {E17: Queen's Indian: 4 g3 Bb7 5 Bg2 Be7.} exd5 9. Nh4 g6 {Inhibits Nf5.} 10. Nc3 {[%cal Rc4d5] White is slightly better.} (10. cxd5 $5 {[%cal Rd5d6]} d6 11. e4 $14) 10... d6 {[%cal Ob6b5]} 11. cxd5 Re8 12. e4 Bf8 {[#] To avoid Bh6} 13. Rb1 $146 ({Predecessor:} 13. f4 Nbd7 14. a4 a6 15. b3 Bg7 16. Bb2 Rb8 17. Qd3 Nh5 18. Nf3 b5 19. axb5 axb5 {0-1 (47) Santos Ruiz,M (2594)-Sosa,T (2541) Dos Hermanas 2021}) 13... Nbd7 14. Bf1 a6 15. a4 {Prevents b5.} Qc7 16. b3 Re7 17. f4 (17. Bf4 $14) 17... Rae8 $15 {[%cal Rf6e4]} 18. e5 Qb8 {[%cal Rd6e5]} (18... dxe5 $2 19. d6 exf4 20. dxe7 (20. dxc7 Rxe1 21. Qc2 c4 $14) 20... Bxe7 21. Bxf4 $18) (18... Qc8 $5 {[%cal Rd6e5]}) 19. Bc4 dxe5 (19... Bg7 $5 {[%cal Rd6e5]}) 20. f5 {And now d6 would win.} (20. d6 $2 Re6 $1 {[%mdl 512]} 21. f5 (21. Bxe6 Rxe6 22. Qd3 Bg7 $17) 21... Rxd6 $17) 20... Qd6 21. Rb2 (21. Re4 $11 {should be considered.}) 21... Bg7 (21... e4 $5 {[%cal Re4e3]} 22. Rbe2 Ne5 $11) 22. Rbe2 b5 (22... e4 $11) 23. axb5 $16 Nb6 24. Bg5 $1 {Black must now prevent Bxf6.} Nxc4 25. bxc4 axb5 $2 {[#]} (25... e4 $16 {was worth a try.}) 26. Nxb5 $2 (26. Rf1 $1 $18 {is the precise move to win.}) 26... Qb6 27. Qb1 {White is more active.} (27. Rf1 $16) 27... Ba6 $11 28. d6 Rd7 (28... Rb7 $1 $11) 29. fxg6 $18 (29. Rxe5 Rxe5 30. Rxe5 Rxd6 $15) 29... hxg6 30. Nxg6 {[%cal Bh4g6,Bg6e7,Be7f5,Bf5h6][%mdl 32]} (30. Rxe5 Rxe5 31. Rxe5 Rxd6 $17) 30... Bxb5 $2 {[#]} (30... fxg6 {is a better defense.} 31. Bxf6 (31. Qxg6 Qc6 $11) 31... Qc6) 31. Ne7+ $1 (31. cxb5 c4+ 32. Kg2 Qb7+ 33. Kg1 Qb6+ 34. Kg2 fxg6 35. Bxf6 Rxd6 36. Bxg7 (36. Qxg6 $2 Qb7+ 37. Qe4 Qxe4+ 38. Rxe4 Bxf6 $19) (36. Bxe5 $2 Rde6 $19) 36... Kxg7 $11) (31. Nxe5 Rxd6 32. cxb5 (32. Qxb5 Qxb5 33. cxb5 Rb6 $14) 32... c4+ 33. Be3 Qb7 34. Nxc4 Rde6 $16) 31... Kf8 {[%cal Od7d6]} 32. Nf5 (32. Qxb5 Qxd6 33. Nf5 Qc7 $18) (32. cxb5 c4+ 33. Be3 Qxd6 $16) 32... Nd5 $2 (32... e4 33. Rb2 (33. Nxg7 Kxg7 34. Bxf6+ Kxf6 $16) 33... Rxd6 34. Rxb5 Qd8 35. Nxd6 Qxd6) 33. cxd5 ({Less strong is} 33. cxb5 Nc3 34. Qc2 (34. Be7+ Rexe7 35. dxe7+ Rxe7 $16) 34... Nxe2+ 35. Rxe2 Rxd6 $16) (33. Qxb5 Qxb5 34. cxb5 f6 $16) 33... f6 {[#]} 34. Rf2 $1 Rf7 (34... Qa5 35. Nxg7) 35. Bh6 Bxh6 36. Nxh6 {Threatening mate with Qg6.} c4 37. Qg6 {Weighted Error Value: White=0.23 (precise) /Black=0.52} 1-0

[Event "6th Vergani Cup January 2022"]
[Site "Cattolica"]
[Date "2022.01.06"]
[Round "6.9"]
[White "Niemann, Hans Moke"]
[Black "Siddharth, Jagadeesh"]
[Result "1-0"]
[WhiteElo "2645"]
[BlackElo "2340"]
[Annotator "TA"]
[PlyCount "143"]
[EventDate "2022.01.02"]
[EventType "swiss"]
[EventCountry "ITA"]
[SourceTitle "playchess.com"]
[Source "ChessBase"]
[SourceQuality "1"]

{[%evp 9,143,0,8,0,0,0,-5,-9,-15,-6,0,-13,0,0,0,-19,-19,-33,-9,-19,-12,-15,-8,-24,7,11,11,11,10,0,4,25,21,10,25,22,24,20,55,46,58,68,52,0,0,0,0,0,10,7,6,8,7,5,72,50,58,58,59,66,68,52,68,47,76,72,105,97,107,77,106,77,77,64,115,100,119,119,123,113,156,72,72,72,75,75,75,77,152,152,152,152,152,152,152,152,152,152,152,152,152,152,152,152,152,152,152,152,152,152,152,140,140,140,156,140,29962,29964,29962,29962,11308,8,8,8,8,8,8,0,29977,29978,29978,29979,29983,29984,29984,29982]} 1. d4 d5 2. c4 dxc4 3. e4 b5 {[%cal Bb7b5,Bb5b4][%mdl 32]} 4. a4 c6 5. Nc3 b4 $1 6. Nb1 {D10: Slav Defence: 3 cxd5 (without early Nf3) and 3 Nc3.} Ba6 7. Qc2 Qxd4 {White must now prevent ...Nf6. 7...e5 is the modern continuation.} 8. Nf3 {The position is equal.} Qb6 (8... Qc5 9. Nbd2 $14) 9. Be3 Qc7 (9... b3 10. Qc3 c5 11. Nbd2 $14 (11. Bxc4 e6 $14)) 10. Bxc4 Bxc4 11. Qxc4 e6 {[#]} 12. e5 $146 {To avoid Nf6} ({Predecessor:} 12. Nbd2 Nf6 13. Rc1 Be7 14. O-O O-O 15. Bg5 h6 16. Bh4 Nbd7 17. Bg3 Qb7 18. a5 {0-1 (58) Gagare,S (2494)-Kobalia,M (2599) Moscow 2018}) 12... Nd7 13. O-O Ne7 14. Qxb4 Nd5 15. Qe4 Rb8 16. Nc3 Rb4 {[#]} 17. Nxd5 $1 cxd5 (17... Rxe4 $2 18. Nxc7+ Kd8 19. Ng5 $1 Rxe3 20. fxe3 $18) 18. Qd3 Be7 (18... Rxb2 19. Rfc1 Qb7 20. Bxa7 $1 $16) 19. Rfc1 Qb7 20. a5 a6 21. Rc2 {Threatening Rac1.} O-O 22. Rac1 {Threatens to win with Rc7.} Bd8 {To avoid Rc7} 23. Qa3 Qb5 24. Bd2 Rc4 25. Rxc4 dxc4 26. Qb4 (26. Qc3 $14) 26... Nxe5 $11 27. Nxe5 Qxe5 28. Rxc4 {[%cal Bc1c4,Bc4e4,Be4e3][%mdl 32]} Qe2 {[%cal Od8a5] aiming for ...Bxa5!} 29. Re4 $36 {[%mdl 2048] White is more active.} Qd3 {[%cal Od8a5] ...Bxa5! is the strong threat.} 30. Re3 Qd5 {[%cal Od8e7]} 31. Bc3 Qf5 (31... Bc7 $11) 32. Qe4 {White is more active.} (32. h3 {with more complications.} Bg5 33. Qd4 Bf6 34. Qd3 Qxd3 35. Rxd3 Ra8 36. Bxf6 gxf6 37. Rd6) 32... Qxe4 33. Rxe4 Bf6 34. Bxf6 gxf6 $14 {[%mdl 4096] Endgame KR-KR} 35. Rg4+ Kh8 36. Rb4 Rc8 {[%cal Rc8c1]} 37. Kf1 Rc2 38. Rb6 Kg7 39. b4 ({Don't play} 39. Rxa6 Rxb2 40. Ra8 f5 $14) 39... Rb2 40. Ke1 e5 (40... Rb1+ $2 41. Kd2 $18) 41. g4 {[%cal Bg2g4,Bg4h5,Bh5h6][%mdl 32]} e4 (41... Rb1+ $2 42. Kd2 $18) (41... Kg6 $14) 42. Kd1 h5 43. gxh5 ({Stronger than} 43. Rxa6 hxg4 44. Rc6 Rxb4 $17) 43... f5 44. h6+ ({Much less strong is} 44. Rxa6 Rxb4 45. h6+ Kg8 $16) 44... Kh7 ({Black should try} 44... Kg8) 45. Rxa6 (45. f4 $142 $1) 45... Rxb4 $16 46. Rf6 $1 {[%csl LRf5,LRf7]} Rb5 47. a6 Ra5 48. Ke2 f4 (48... Ra3 $142) 49. Rxf7+ Kxh6 50. Rxf4 {And now Rf6+ would win.} Rxa6 51. Rxe4 Kg5 52. Kf3 Ra3+ 53. Re3 Ra5 54. Kg3 Ra4 55. h4+ Kf5 56. Rf3+ Kg6 57. Rb3 Kh5 58. Rb5+ Kh6 59. f4 {[%cal Bf2f4,Bf4f5,Bf5f6,Bf6f7][%mdl 32]} Ra1 60. Kg4 Rg1+ 61. Kf5 Rf1 62. Re5 Kh5 $2 {[%mdl 8192] [#]} (62... Rh1 $16 63. Re6+ Kg7 64. Rg6+ Kh7) 63. Kf6+ $1 Kxh4 {[#]} 64. f5 $1 Kh5 65. Kg7 $2 (65. Re2 $18 {White wants to mate with Rg2.} Kg4 66. Rg2+ Kf3 67. Rg5) 65... Rg1+ $11 66. Kf7 {Threatening mate with f6+.} Ra1 67. f6+ Kh6 68. Kf8 {White threatens f7 and mate.} Kh7 $2 {[%mdl 8192]} (68... Kg6 $11) 69. f7 {White mates.} Ra8+ 70. Ke7 Kg7 71. Rg5+ Kh6 72. Rg8 {Weighted Error Value: White=0.07 (flawless) /Black=0.10 (very precise)} 1-0

[Event "6th Vergani Cup January 2022"]
[Site "Cattolica"]
[Date "2022.01.06"]
[Round "6.10"]
[White "Barp, Alberto"]
[Black "Brunello, Sabino"]
[Result "1/2-1/2"]
[WhiteElo "2408"]
[BlackElo "2503"]
[Annotator "TA"]
[PlyCount "78"]
[EventDate "2022.01.02"]
[EventType "swiss"]
[EventCountry "ITA"]
[SourceTitle "playchess.com"]
[Source "ChessBase"]
[SourceQuality "1"]

{[%evp 19,78,14,17,8,21,15,12,9,47,47,97,118,104,117,109,110,89,89,135,-22,59,7,31,0,0,-42,0,-16,-9,-12,-5,0,-6,-18,-8,-20,-20,-27,-11,-14,-16,-25,-15,-26,-34,-89,-49,-35,-37,-42,-37,-81,-45,-45,-39,-49,-12,-18,0,0,0]} 1. d4 Nf6 2. c4 e6 3. Nf3 d5 4. g3 Bb4+ 5. Bd2 Be7 6. Bg2 c6 7. Qc2 Nbd7 8. O-O O-O 9. Rd1 b6 10. b3 Ba6 11. Bc1 {E15: Queen's Indian: 4 g3 sidelines, 4 g3 Ba6 and 4 g3 Bb7 early deviations.} Rc8 12. Bb2 $1 c5 13. Nc3 cxd4 14. Nxd4 {[%cal Rc4d5]} e5 (14... Bb4 $14) 15. Nf5 $16 d4 {[#]} 16. Ne4 {White is much more active.} Nc5 17. Nxf6+ Bxf6 18. f4 exf4 ({Black should try} 18... Qc7) 19. gxf4 $2 (19. Bxd4 $16 Bxd4+ 20. Rxd4) 19... Qc7 ({Black should play} 19... Ne6 $11) 20. Bxd4 (20. e3 $1 $14) 20... Bxd4+ $11 (20... Qxf4 $2 21. Bxf6 gxf6 22. Ne7+ Kh8 23. Nxc8 Bxc8 24. Qd2 $18) 21. Nxd4 Qxf4 22. Qd2 {To avoid Qe3+} (22. Qf5 $11 Qh6 23. Qh3) 22... Qc7 {[#]} (22... Qg4 $15) 23. Qc3 $146 ({Predecessor:} 23. Nf5 Rcd8 24. Qg5 f6 25. Qg3 Qxg3 26. hxg3 Bc8 {½-½ (26) Barp,A (2411)-Henderson de la Fuente,L (2487) Spilimbergo 2019}) 23... g6 24. Qg3 Rfe8 25. Qxc7 Rxc7 26. Bd5 Kg7 27. Rac1 Ne4 28. Rd3 Nf6 29. Bf3 Re5 30. Rcc3 Bb7 31. Kf1 Be4 32. Rd2 (32. Re3 $15) 32... g5 {[%cal Ob6b5,Bg6g5,Bg5g4][%mdl 32]} 33. Re3 g4 34. Bxe4 Nxe4 35. Rdd3 (35. Kg2 $15 {is more appropriate.}) 35... f5 {[#] aiming for ...f4.} 36. Nb5 Rce7 {Strongly threatening ...f4.} 37. Nd6 Kg6 38. Nxe4 fxe4 39. Rd8 h5 {Weighted Error Value: White=0.19 (very precise) /Black=0.20 (precise)} 1/2-1/2

[Event "6th Vergani Cup January 2022"]
[Site "Cattolica"]
[Date "2022.01.07"]
[Round "7.1"]
[White "Tabatabaei, M. Amin"]
[Black "Lagarde, Maxime"]
[Result "1/2-1/2"]
[WhiteElo "2643"]
[BlackElo "2638"]
[Annotator "TA"]
[PlyCount "110"]
[EventDate "2022.01.02"]
[EventType "swiss"]
[EventCountry "ITA"]
[SourceTitle "playchess.com"]
[Source "ChessBase"]
[SourceQuality "1"]

{[%evp 9,110,18,14,26,23,21,29,22,39,20,25,49,49,20,22,0,39,26,29,23,33,29,52,43,35,34,108,100,156,106,98,51,45,71,41,57,125,112,117,25,59,0,0,-6,0,0,0,0,0,0,0,0,0,0,0,0,0,0,0,0,0,0,0,0,0,-10,-10,-25,-17,-17,-17,-47,-47,-48,-48,-51,-50,-91,-25,-25,-25,-31,-40,-130,0,0,0,0,0,0,0,0,0,0,0,0,0,0,0,0,0,0,0]} 1. d4 Nf6 2. c4 e6 3. Nf3 d5 4. Nc3 a6 5. cxd5 exd5 6. Bg5 {D37: Queen's Gambit Declined: 5 Bf4.} Be6 7. e3 Nbd7 8. Bd3 {White has an edge.} h6 9. Bf4 g5 10. Bg3 Nh5 {[#]} 11. Be5 $5 $146 {[%mdl 8] An interesting novelty.} ({Predecessor:} 11. Qc2 c6 12. O-O-O Nxg3 13. hxg3 Bg7 14. Kb1 Qe7 15. Bf5 Bxf5 16. Qxf5 Qe6 17. Qc2 Qg6 18. Ne1 Qxc2+ 19. Kxc2 {1-0 (70) Yakubboev,N (2621)-Grachev,B (2615) Chess.com INT 2021}) 11... Nhf6 12. Bg3 Nh5 $1 13. a3 Nxg3 14. hxg3 Bg7 15. Qc2 Rc8 16. b4 Qe7 {[%cal Oc7c5]} 17. Rc1 g4 (17... Nb6 $14) 18. Nh4 $16 {White is more active.} c5 ({Black should play} 18... c6 19. Ne2 h5) 19. bxc5 (19. Ne2 $142 $1) 19... Nxc5 20. Nf5 (20. dxc5 $16 Qxc5 21. Nd1 (21. Qa4+ Bd7 $11) 21... Qxa3 22. Qxc8+ Bxc8 23. Rxc8+ Ke7 24. Nf5+ Kd7 25. Rxh8 Bxh8 26. Ke2) 20... Nxd3+ $14 21. Qxd3 Bxf5 22. Qxf5 Qe6 {[#]} (22... O-O $1 $14) 23. Rh5 $1 $16 O-O {[#]} 24. Qxd5 (24. Kd2 $1 $16) 24... Qe7 25. Qb3 (25. Kd2 $1 $14) 25... Bxd4 $1 $11 26. Kf1 Bg7 27. Rd5 Rfd8 28. Rxd8+ Qxd8 29. Rd1 {To avoid Qd3+} Qc7 30. Nd5 Qc4+ 31. Qxc4 Rxc4 {[%mdl 4096] Endgame KRB-KRN} 32. Ne7+ Kh7 33. Rd7 Rc1+ 34. Ke2 Rc2+ 35. Kf1 Rb2 36. Nf5 Kg6 37. Nxg7 Kxg7 {KR-KR} 38. Rd4 h5 39. a4 b5 {[%cal Bb7b5,Bb5a4,Ba4a3][%mdl 32]} 40. Rd6 bxa4 {aiming for ...a3.} 41. Rxa6 Ra2 {And now ...a3 would win.} 42. e4 $1 a3 {Strongly threatening ...Ra1+.} 43. Kg1 $1 f6 ({Better is} 43... Ra1+ $17 44. Kh2 f6) 44. Kh2 Kf7 45. Kh1 Ke7 46. f4 $1 gxf3 (46... Ra1+ $17 47. Kh2 a2) 47. gxf3 {The position is equal.} Kd7 48. f4 Kc7 49. e5 fxe5 50. fxe5 Kb7 51. Ra4 Kc6 52. e6 {Black must now prevent Re4.} Kd6 53. Ra6+ $1 Ke7 54. Kg1 Kf6 55. Kh1 Ke7 {Weighted Error Value: White=0.10 (very precise) /Black=0.11 (very precise)} 1/2-1/2